| 000 | 00430nam a2200157 i 4500 | ||
|---|---|---|---|
| 001 | 79472 | ||
| 003 | ES-MaACL | ||
| 005 | 20230906174002.0 | ||
| 007 | t| | ||
| 008 | 041021s1965 sp ||||1| spa d | ||
| 100 | 1 |
_aHernández, Luis. _962831 |
|
| 245 | 1 | 0 |
_aDirección de ejercicios a militantes / _cLuis Hernández. |
| 260 |
_aMadrid : _bZYX, _c1965. |
||
| 300 |
_aXIV, 743 p. ; _c22 cm. |
||
| 852 |
_aES-MaACL _jC-28875 _bR.58410 |
||
| 999 |
_c79472 _d79472 |
||